[Event "2. Bundesliga Mitte 2013/2014"]
[Site "St. Veit/Glan"]
[Date "2014.03.22"]
[Round "7"]
[Board "4"]
[White "Lentrodt, Thomas"]
[Black "Koefeler, Christian"]
[Result "1-0"]
[WhiteElo "2282"]
[BlackElo "2007"]
[PlyCount "99"]
[EventDate "2013.10.04"]
[EventType "team"]
[EventRounds "11"]
[EventCountry "AUT"]
[WhiteTeam "Spg. Grieskirchen/Sedda B.Schallerbach"]
[BlackTeam "SV Raika Rapid Feffernitz II"]

1. d4 d5 2. Nf3 Nf6 3. c4 dxc4 4. e3 Bg4 5. Bxc4 e6 6. h3 Bh5 7. Nc3 a6 8. g4
Bg6 9. Ne5 Nbd7 10. Nxg6 hxg6 11. Qf3 c6 12. a3 Qc7 13. Bd2 Nb6 14. Ba2 O-O-O
15. g5 Nh5 16. Ne4 Nd5 17. Rc1 Rd7 18. Nc5 Bxc5 19. Rxc5 Re8 20. O-O Kb8 21.
Rfc1 Qd6 22. b4 e5 23. e4 Ndf4 24. d5 cxd5 25. Bxd5 Ne6 26. Bxe6 Qxe6 27. Be3
Rd3 28. Rd5 Nf4 29. Rxd3 Nxd3 30. Rc3 Nf4 31. Bxf4 exf4 32. Qxf4+ Qe5 33. Rf3
Qxf4 34. Rxf4 Re7 35. Rf3 Kc7 36. Re3 Kd6 37. f4 f5 38. gxf6 gxf6 39. Kf2 Rc7
40. Rg3 Rc2+ 41. Kf3 g5 42. fxg5 fxg5 43. Kg4 Ke5 44. Kxg5 Kxe4 45. h4 Rc8 46.
h5 b6 47. h6 Rg8+ 48. Kh4 Rh8 49. Kh5 Kf5 50. Rg6 1-0

[Event "2. Bundesliga Mitte 2013/2014"]
[Site "St. Veit/Glan"]
[Date "2014.03.22"]
[Round "7"]
[Board "5"]
[White "Trampitsch, Hannes"]
[Black "Humer, Wolfgang"]
[Result "1/2-1/2"]
[WhiteElo "2001"]
[BlackElo "2267"]
[PlyCount "60"]
[EventDate "2013.10.04"]
[EventType "team"]
[EventRounds "11"]
[EventCountry "AUT"]
[WhiteTeam "SV Raika Rapid Feffernitz II"]
[BlackTeam "Spg. Grieskirchen/Sedda B.Schallerbach"]

1. d4 c5 2. e4 cxd4 3. c3 e5 4. Nf3 Nc6 5. Bc4 Nf6 6. Qe2 Be7 7. O-O d6 8. h3
O-O 9. Rd1 Qb6 10. cxd4 exd4 11. Na3 Nd7 12. Nb5 Bf6 13. Nxd6 {[%emt 0:00:00]}
Nde5 14. Nxe5 Nxe5 15. Nxc8 Raxc8 16. Bd3 Rc6 17. Bf4 Nxd3 18. Rxd3 Rfc8 19.
Rad1 Qa6 20. a3 Rc2 21. R1d2 Qa4 22. e5 Be7 23. Qe4 h6 24. Rxd4 Rc1+ 25. Kh2
Qb5 26. Qd3 Qc6 27. Rd1 Rc2 28. Rd2 Rc1 29. Rd1 Rc2 30. Rd2 Rc1 1/2-1/2

[Event "2. Bundesliga Mitte 2013/2014"]
[Site "St. Veit/Glan"]
[Date "2014.03.22"]
[Round "7"]
[Board "6"]
[White "Obermayr, Hermann"]
[Black "Oberberger, Guenther"]
[Result "1/2-1/2"]
[WhiteElo "2172"]
[BlackElo "1861"]
[PlyCount "83"]
[EventDate "2013.10.04"]
[EventType "team"]
[EventRounds "11"]
[EventCountry "AUT"]
[WhiteTeam "Spg. Grieskirchen/Sedda B.Schallerbach"]
[BlackTeam "SV Raika Rapid Feffernitz II"]

1. d4 d5 2. c4 c6 3. Nf3 e6 4. Qc2 Nf6 5. Bf4 Be7 6. e3 Nbd7 7. Nc3 Qa5 8. Nd2
O-O 9. Bd3 Re8 10. O-O Bf8 11. cxd5 exd5 12. a3 g6 13. b4 Qd8 14. Bg5 Be7 15.
Rfe1 Kg7 16. f3 Nh5 17. Bxe7 Rxe7 18. b5 Nhf6 19. bxc6 bxc6 20. Na4 Bb7 21.
Rab1 Rb8 22. Qc3 Kg8 23. Rb4 Ba8 24. Nf1 Rxb4 25. Qxb4 Nb6 26. Nc5 Nfd7 27. Qa5
Qc7 28. Rb1 Nf6 29. Qb4 Bb7 30. a4 Bc8 31. a5 Nbd7 32. Na4 Re8 33. Rc1 Re6 34.
Qc3 Qb8 35. f4 Ne4 36. Bxe4 dxe4 37. d5 Rd6 38. dxc6 Nf6 39. Qe5 Qb4 40. c7 Re6
41. Qd4 Qxd4 42. exd4 1/2-1/2

[Event "2. Bundesliga Mitte 2013/2014"]
[Site "St. Veit/Glan"]
[Date "2014.03.22"]
[Round "7"]
[Board "1"]
[White "Rabiega, Robert"]
[Black "Kreisl, Robert"]
[Result "1/2-1/2"]
[WhiteElo "2488"]
[BlackElo "2435"]
[PlyCount "58"]
[EventDate "2013.10.04"]
[EventType "team"]
[EventRounds "11"]
[EventCountry "AUT"]
[WhiteTeam "Strassenbahn Graz"]
[BlackTeam "SC MPOE Maria Saal II"]

1. e4 c6 2. d4 d5 3. exd5 cxd5 4. Bd3 Nc6 5. c3 Qc7 6. h3 Nf6 7. Nf3 g6 8. O-O
Bf5 9. Bxf5 gxf5 10. Re1 e6 11. c4 dxc4 12. Nc3 O-O-O 13. Qa4 Nd5 14. Bg5 Be7
15. Bxe7 Qxe7 16. Ne5 Nxe5 17. Rxe5 Kb8 18. Nxd5 Rxd5 19. Qxc4 Rhd8 20. Rxd5
Rxd5 21. Rc1 Qd8 22. Qe2 a6 23. Qh5 Rxd4 24. Qxf7 Rd1+ 25. Rxd1 Qxd1+ 26. Kh2
Qd6+ 27. Kg1 Qd1+ 28. Kh2 Qd6+ 29. Kg1 Qd1+ 1/2-1/2

[Event "2. Bundesliga Mitte 2013/2014"]
[Site "St. Veit/Glan"]
[Date "2014.03.22"]
[Round "7"]
[Board "2"]
[White "Tratar, Marko"]
[Black "Mohr, Georg"]
[Result "1/2-1/2"]
[WhiteElo "2480"]
[BlackElo "2481"]
[PlyCount "33"]
[EventDate "2013.10.04"]
[EventType "team"]
[EventRounds "11"]
[EventCountry "AUT"]
[WhiteTeam "SC MPOE Maria Saal II"]
[BlackTeam "Strassenbahn Graz"]

1. c4 c5 2. Nf3 g6 3. e4 Bg7 4. d4 Qa5+ 5. Nc3 d6 6. Rb1 Bg4 7. d5 Bxc3+ 8.
bxc3 Nf6 9. Rxb7 Nbd7 10. Rb5 Qxa2 11. h3 Bxf3 12. gxf3 O-O 13. Qb3 Qa1 14. Qb2
Qa4 15. Qb3 Qa1 16. Qb2 Qa4 17. Qb3 1/2-1/2

[Event "2. Bundesliga Mitte 2013/2014"]
[Site "St. Veit/Glan"]
[Date "2014.03.22"]
[Round "7"]
[Board "3"]
[White "Supancic, Darko"]
[Black "Handler, Lukas"]
[Result "1/2-1/2"]
[WhiteElo "2334"]
[BlackElo "2388"]
[PlyCount "102"]
[EventDate "2013.10.04"]
[EventType "team"]
[EventRounds "11"]
[EventCountry "AUT"]
[WhiteTeam "Strassenbahn Graz"]
[BlackTeam "SC MPOE Maria Saal II"]

1. Nf3 Nf6 2. g3 d5 3. Bg2 c6 4. O-O Bg4 5. d4 e6 6. Nbd2 Bd6 7. c3 Nbd7 8. Re1
O-O 9. e4 dxe4 10. Nxe4 Nxe4 11. Rxe4 Bf5 12. Re1 h6 13. Nd2 Re8 14. Nc4 Bc7
15. a4 Rb8 16. Be3 Nb6 17. Nxb6 Bxb6 18. Bf4 Bc7 19. Qd2 Bxf4 20. Qxf4 Qb6 21.
Re2 a5 22. Qe5 Rbc8 23. Rae1 Red8 24. h3 Bg6 25. Bf3 Rd7 26. h4 Rcd8 27. Kg2
Bd3 28. Rd2 Bc4 29. g4 Bd5 30. Re3 Qb3 31. g5 hxg5 32. Qxg5 Bxf3+ 33. Rxf3 Rd5
34. Qe7 Rf8 35. Re2 Rh5 36. Re4 Rh6 37. Rg4 Qd5 38. Kg3 b6 39. Rg5 Qe4 40. Rf4
Qb1 41. Rfg4 Qg1+ 42. Kf3 Qh1+ 43. Ke2 g6 44. h5 Qb1 45. Qf6 Qxb2+ 46. Kd1 Qb3+
47. Kd2 Qb2+ 48. Kd1 Qb1+ 49. Kd2 Qb2+ 50. Kd1 Qb3+ 51. Kd2 Qb2+ 1/2-1/2

[Event "2. Bundesliga Mitte 2013/2014"]
[Site "St. Veit/Glan"]
[Date "2014.03.22"]
[Round "7"]
[Board "4"]
[White "Halvax, Georg"]
[Black "Krebs, Johann"]
[Result "1-0"]
[WhiteElo "2314"]
[BlackElo "2250"]
[PlyCount "143"]
[EventDate "2013.10.04"]
[EventType "team"]
[EventRounds "11"]
[EventCountry "AUT"]
[WhiteTeam "SC MPOE Maria Saal II"]
[BlackTeam "Strassenbahn Graz"]

1. e4 c5 2. Nf3 Nc6 3. Nc3 g6 4. d4 cxd4 5. Nxd4 Bg7 6. Be3 Nf6 7. Bc4 Qa5 8.
O-O O-O 9. Bb3 d6 10. h3 Bd7 11. f4 Nxd4 12. Bxd4 Bc6 13. Qd3 Rad8 14. f5 Nd7
15. Nd5 Bxd5 16. Bxd5 Bxd4+ 17. Qxd4 Qc5 18. Qxc5 Nxc5 19. b4 Nd7 20. Bxb7 Rb8
21. Bd5 Rxb4 22. Rab1 Rb6 23. Rb3 Nf6 24. Rxb6 axb6 25. Bb3 Rc8 26. g4 g5 27.
Re1 Rc5 28. c4 Kg7 29. Kf2 Nd7 30. a4 Ne5 31. Ke3 Kf6 32. Rc1 Nd7 33. Kd3 h6
34. Kd4 Ne5 35. Bd1 Nc6+ 36. Kd3 Ne5+ 37. Kd4 e6 38. Be2 Ke7 39. Rb1 Nd7 40. h4
Kf6 41. Rh1 gxh4 42. Rxh4 Kg7 43. Rh1 Ra5 44. Ra1 Nc5 45. Bd1 Kf6 46. Rb1 Nd7
47. Rb2 Kg5 48. Rb5 Rxb5 49. cxb5 Kf4 50. fxe6 fxe6 51. Bb3 Nc5 52. Bc2 Kxg4
53. a5 bxa5 54. e5 Nd7 55. exd6 Kg5 56. Ba4 Kf6 57. Bd1 Kf7 58. Bh5+ Kf8 59.
Bg4 Kf7 60. Bh5+ Kf8 61. Kc4 a4 62. Kb4 Nb6 63. Kc5 a3 64. Kxb6 a2 65. d7 a1=Q
66. d8=Q+ Kg7 67. Qe7+ Kh8 68. Qe8+ Kg7 69. Qg6+ Kh8 70. Qxh6+ Kg8 71. Qxe6+
Kg7 72. Bf3 1-0

[Event "2. Bundesliga Mitte 2013/2014"]
[Site "St. Veit/Glan"]
[Date "2014.03.22"]
[Round "7"]
[Board "5"]
[White "Pesorda, Ivan"]
[Black "Kaspret, Guido"]
[Result "1/2-1/2"]
[WhiteElo "2246"]
[BlackElo "2289"]
[PlyCount "82"]
[EventDate "2013.10.04"]
[EventType "team"]
[EventRounds "11"]
[EventCountry "AUT"]
[WhiteTeam "Strassenbahn Graz"]
[BlackTeam "SC MPOE Maria Saal II"]

1. d4 Nf6 2. c4 d6 3. Nc3 e5 4. Nf3 Nbd7 5. e4 g6 6. Be2 Bg7 7. O-O O-O 8. Rb1
a5 9. Re1 Re8 10. Bf1 c6 11. d5 Nc5 12. b3 Na6 13. a3 c5 14. Re2 Bd7 15. Reb2
Nh5 16. g3 Bf8 17. Ne1 f5 18. Bh3 f4 19. Bxd7 Qxd7 20. g4 Nf6 21. f3 Be7 22.
Ng2 g5 23. h4 h6 24. Bd2 b6 25. Be1 Reb8 26. Bf2 Ne8 27. hxg5 hxg5 28. Ne1 Nec7
29. a4 Kg7 30. Nd3 Rh8 31. Be1 Ne8 32. Rg2 Nf6 33. Rbb2 Nb4 34. Nxb4 axb4 35.
Nb5 Ne8 36. Rh2 Rxh2 37. Rxh2 Nc7 38. Nxc7 Qxc7 39. Qe2 Rh8 40. Rxh8 Kxh8 41.
Qh2+ Kg7 1/2-1/2

[Event "2. Bundesliga Mitte 2013/2014"]
[Site "St. Veit/Glan"]
[Date "2014.03.22"]
[Round "7"]
[Board "6"]
[White "Ertl, Johann"]
[Black "Steiner, Stefan"]
[Result "1/2-1/2"]
[WhiteElo "2260"]
[BlackElo "2284"]
[PlyCount "56"]
[EventDate "2013.10.04"]
[EventType "team"]
[EventRounds "11"]
[EventCountry "AUT"]
[WhiteTeam "SC MPOE Maria Saal II"]
[BlackTeam "Strassenbahn Graz"]

1. e4 e6 2. d4 d5 3. Nc3 Nf6 4. Bg5 Be7 5. e5 Nfd7 6. Bxe7 Qxe7 7. f4 c5 8. Nf3
Nc6 9. Qd2 O-O 10. dxc5 Nxc5 11. Bd3 f6 12. exf6 Qxf6 13. g3 Bd7 14. O-O Nxd3
15. cxd3 e5 16. Nxe5 Nxe5 17. fxe5 Qxe5 18. d4 Qh5 19. Rxf8+ Rxf8 20. Rf1 Rxf1+
21. Kxf1 Qg6 22. Kg1 Bc6 23. Qf4 Qc2 24. Qb8+ Kf7 25. Qf4+ Kg8 26. Qb8+ Kf7 27.
Qf4+ Kg8 28. Qb8+ Kf7 1/2-1/2

[Event "2. Bundesliga Mitte 2013/2014"]
[Site "St. Veit/Glan"]
[Date "2014.03.22"]
[Round "7"]
[Board "1"]
[White "Kovacs, Gabor"]
[Black "Nemeth, Miklos"]
[Result "1/2-1/2"]
[WhiteElo "2458"]
[BlackElo "2482"]
[PlyCount "27"]
[EventDate "2013.10.04"]
[EventType "team"]
[EventRounds "11"]
[EventCountry "AUT"]
[WhiteTeam "Union Styria Graz"]
[BlackTeam "SV Steyregg"]

1. e4 e5 2. Nf3 Nc6 3. Bb5 a6 4. Ba4 Nf6 5. O-O b5 6. Bb3 Be7 7. Re1 O-O 8. h3
d6 9. c3 Re8 10. Ng5 Rf8 11. Nf3 Re8 12. Ng5 Rf8 13. Nf3 Re8 14. Ng5 1/2-1/2

[Event "2. Bundesliga Mitte 2013/2014"]
[Site "St. Veit/Glan"]
[Date "2014.03.22"]
[Round "7"]
[Board "2"]
[White "Priborsky, Jan"]
[Black "Pilaj, Herwig"]
[Result "1/2-1/2"]
[WhiteElo "2358"]
[BlackElo "2376"]
[PlyCount "105"]
[EventDate "2013.10.04"]
[EventType "team"]
[EventRounds "11"]
[EventCountry "AUT"]
[WhiteTeam "SV Steyregg"]
[BlackTeam "Union Styria Graz"]

1. e4 c5 2. Nf3 Nc6 3. d4 cxd4 4. Nxd4 g6 5. c4 Bg7 6. Be3 Nf6 7. Nc3 Ng4 8.
Qxg4 Nxd4 9. Qd1 Ne6 10. Qd2 b6 11. Be2 Bb7 12. O-O Nc5 13. f3 a5 14. b3 O-O
15. Rac1 e6 16. Rfd1 Be5 17. Bg5 Qb8 18. h3 f5 19. exf5 Rxf5 20. Nb5 Rxg5 21.
Qxg5 Bf4 22. Qf6 Bc6 23. Nd4 Qc7 24. Nxc6 dxc6 25. Rc2 Be3+ 26. Kh1 Qg3 27.
Rd8+ Rxd8 28. Qxd8+ Kf7 29. Qd1 Bf4 30. Qg1 g5 31. Bf1 e5 32. Rb2 Ne6 33. c5
Nxc5 34. b4 axb4 35. Rxb4 Nd7 36. Rc4 c5 37. Ra4 Nf6 38. Ra6 e4 39. Rxb6 Ke7
40. Qxc5+ Kf7 41. Qg1 e3 42. Rb3 Kf8 43. Rxe3 Ng4 44. fxg4 Bxe3 45. Qh2 Qf2 46.
Qd6+ Kg7 47. Qe7+ Kh6 48. Qd6+ Kg7 49. Qc7+ Kh6 50. Qd6+ Kg7 51. Qe7+ Kh6 52.
Qe6+ Kg7 53. Qe7+ 1/2-1/2

[Event "2. Bundesliga Mitte 2013/2014"]
[Site "St. Veit/Glan"]
[Date "2014.03.22"]
[Round "7"]
[Board "3"]
[White "Wittmann, Walter"]
[Black "Burlacu, Bogdan"]
[Result "1/2-1/2"]
[WhiteElo "2195"]
[BlackElo "2342"]
[PlyCount "65"]
[EventDate "2013.10.04"]
[EventType "team"]
[EventRounds "11"]
[EventCountry "AUT"]
[WhiteTeam "Union Styria Graz"]
[BlackTeam "SV Steyregg"]

1. e4 c5 2. Nf3 d6 3. Nc3 a6 4. d4 cxd4 5. Nxd4 Nf6 6. a4 e5 7. Nf3 h6 8. Bc4
Be6 9. Bxe6 fxe6 10. Nh4 Nc6 11. Ng6 Rg8 12. f4 Kf7 13. Nxf8 Rxf8 14. O-O Kg8
15. Kh1 Qc7 16. f5 exf5 17. exf5 Ne7 18. Ne2 Ne4 19. Qd3 Qc6 20. Ng3 Nxg3+ 21.
hxg3 d5 22. g4 Rac8 23. c3 Qc5 24. Qd1 Rc6 25. b3 Qxc3 26. Ba3 Rc7 27. Bxe7
Rxe7 28. Qxd5+ Kh8 29. Rae1 Qc7 30. Re3 Rd8 31. Qf3 Rd6 32. Rfe1 Rc6 33. Qg3
 1/2-1/2

[Event "2. Bundesliga Mitte 2013/2014"]
[Site "St. Veit/Glan"]
[Date "2014.03.22"]
[Round "7"]
[Board "4"]
[White "Enoeckl, Philipp"]
[Black "Wertjanz, David"]
[Result "1-0"]
[WhiteElo "2339"]
[BlackElo "2281"]
[PlyCount "93"]
[EventDate "2013.10.04"]
[EventType "team"]
[EventRounds "11"]
[EventCountry "AUT"]
[WhiteTeam "SV Steyregg"]
[BlackTeam "Union Styria Graz"]

1. d4 e6 2. c4 Nf6 3. Nc3 Bb4 4. f3 c5 5. d5 d6 6. e4 Qe7 7. Nge2 exd5 8. cxd5
Nh5 9. g4 Nf6 10. Ng3 O-O 11. Be2 g6 12. Bg5 Nbd7 13. Qd2 a6 14. O-O Qe5 15.
Kh1 Qd4 16. Qc1 Re8 17. a3 Ba5 18. Bf4 Ne5 19. Be3 Bxc3 20. Bxd4 Bxd4 21. Rd1
b5 22. Rxd4 cxd4 23. Qd1 d3 24. Bxd3 h6 25. h4 Kg7 26. Be2 h5 27. g5 Ng8 28.
Qd4 Kh7 29. Qb6 a5 30. Bxb5 Re7 31. Bc6 Ra6 32. Qe3 Nxc6 33. dxc6 Rxc6 34. Rc1
Rec7 35. Rxc6 Rxc6 36. Qd2 Be6 37. Ne2 d5 38. exd5 Rd6 39. Nf4 Ne7 40. Qxa5
Bxd5 41. Nxd5 Rxd5 42. Qc7 Rd1+ 43. Kg2 Re1 44. a4 Kg8 45. Kf2 Re6 46. a5 Nf5
47. a6 1-0

[Event "2. Bundesliga Mitte 2013/2014"]
[Site "St. Veit/Glan"]
[Date "2014.03.22"]
[Round "7"]
[Board "5"]
[White "Stagl, Marco"]
[Black "Wiesinger, Robert"]
[Result "1/2-1/2"]
[WhiteElo "2149"]
[BlackElo "2252"]
[PlyCount "117"]
[EventDate "2013.10.04"]
[EventType "team"]
[EventRounds "11"]
[EventCountry "AUT"]
[WhiteTeam "Union Styria Graz"]
[BlackTeam "SV Steyregg"]

1. d4 {[%emt 0:00:00]} Nf6 2. Nf3 e6 3. g3 b5 4. Bg2 d5 5. O-O c5 6. a4 b4 7.
dxc5 Bxc5 8. c4 Bb7 9. Ne5 Qc7 10. Nd3 Bd6 11. Nd2 dxc4 12. Nxc4 Bxg2 13. Nxd6+
Qxd6 14. Kxg2 O-O 15. Bf4 Qc6+ 16. f3 a5 17. Rc1 Qb6 18. e4 Nc6 19. Qc2 Rfc8
20. b3 Qa6 21. Qc4 Qxc4 22. Rxc4 Rd8 23. Nc5 e5 24. Be3 h6 25. Rfc1 Ne8 26. Kf2
Nd6 27. R4c2 Nd4 28. Bxd4 exd4 29. Ke2 Re8 30. Kd3 f5 31. Kxd4 fxe4 32. fxe4
Rad8 33. Ke3 Nf5+ 34. Kf2 Nd6 35. Re2 Re5 36. Kg2 Rc8 37. Rd1 Rexc5 38. Rxd6
Rc2 39. Rd8+ Rxd8 40. Rxc2 Rd3 41. Rc5 Rxb3 42. Rxa5 Ra3 43. Ra7 Re3 44. Rb7
Rxe4 45. Kf3 Rc4 46. a5 Rc3+ 47. Ke4 Ra3 48. Rb5 Ra2 49. h4 Ra3 50. g4 b3 51.
Kd3 Ra4 52. g5 Rxh4 53. gxh6 gxh6 54. a6 Ra4 55. Rb6 h5 56. Kc3 h4 57. Kxb3 Ra1
58. Rh6 Kg7 59. Rxh4 1/2-1/2

[Event "2. Bundesliga Mitte 2013/2014"]
[Site "St. Veit/Glan"]
[Date "2014.03.22"]
[Round "7"]
[Board "6"]
[White "Forstner, Joerg"]
[Black "Manhardt, Thomas"]
[Result "0-1"]
[WhiteElo "2106"]
[BlackElo "2226"]
[PlyCount "78"]
[EventDate "2013.10.04"]
[EventType "team"]
[EventRounds "11"]
[EventCountry "AUT"]
[WhiteTeam "SV Steyregg"]
[BlackTeam "Union Styria Graz"]

1. d4 {[%emt 0:00:00]} f5 2. e4 fxe4 3. Nc3 Nf6 4. Bg5 Nc6 5. d5 Ne5 6. Qd4 Nf7
7. Bxf6 gxf6 8. Nxe4 c6 9. O-O-O Bh6+ 10. Kb1 Qb6 11. Nf3 Qxd4 12. Rxd4 cxd5
13. Rxd5 b6 14. Bd3 Bb7 15. Rh5 O-O-O 16. Re1 Bg7 17. Ned2 e6 18. Rxh7 Rxh7 19.
Bxh7 f5 20. h4 Rh8 21. Bg6 Nh6 22. h5 Ng4 23. Re2 Bh6 24. c4 Bxd2 25. Nxd2 Nf6
26. g3 Nxh5 27. Bxh5 Rxh5 28. Kc2 Rh2 29. Nf1 Rh1 30. Nd2 Rg1 31. a3 Kd8 32.
Re3 Rg2 33. Re2 Ke7 34. Kd3 Kf6 35. Ke3 Rg1 36. Kd3 d5 37. Kc3 Rc1+ 38. Kd4
dxc4 39. Nxc4 Rxc4+ 0-1

[Event "2. Bundesliga Mitte 2013/2014"]
[Site "St. Veit/Glan"]
[Date "2014.03.23"]
[Round "8"]
[Board "1"]
[White "Huber, Martin Christian"]
[Black "Sandhoefner, Florian"]
[Result "1-0"]
[WhiteElo "2283"]
[BlackElo "2271"]
[PlyCount "45"]
[EventDate "2013.10.04"]
[EventType "team"]
[EventRounds "11"]
[EventCountry "AUT"]
[WhiteTeam "RbEJ Gleisdorf"]
[BlackTeam "ASK St. Valentin"]

1. Nf3 d5 2. d4 Nf6 3. c4 c6 4. Nc3 e6 5. Bg5 Nbd7 6. cxd5 exd5 7. Qc2 Be7 8.
e3 O-O 9. Bd3 Re8 10. h3 a5 11. O-O Nf8 12. Rac1 g6 13. Ne5 Ne6 14. f4 c5 15.
Bxf6 Bxf6 16. f5 Nf8 17. fxg6 Nxg6 18. Nxd5 Bxe5 19. dxe5 Rxe5 20. Nf6+ Kg7 21.
Qc3 Qe7 22. Nd5 Qd7 23. Nb6 1-0

[Event "2. Bundesliga Mitte 2013/2014"]
[Site "St. Veit/Glan"]
[Date "2014.03.23"]
[Round "8"]
[Board "2"]
[White "Kranzl, Peter"]
[Black "Wegerer, Fred"]
[Result "1/2-1/2"]
[WhiteElo "2225"]
[BlackElo "2157"]
[PlyCount "60"]
[EventDate "2013.10.04"]
[EventType "team"]
[EventRounds "11"]
[EventCountry "AUT"]
[WhiteTeam "ASK St. Valentin"]
[BlackTeam "RbEJ Gleisdorf"]

1. Nf3 b6 2. g3 Bb7 3. Bg2 e5 4. O-O e4 5. Ne1 Qc8 6. c4 Nf6 7. Nc3 Bb4 8. Qc2
Bxc3 9. Qxc3 O-O 10. b3 d6 11. Bb2 Nbd7 12. d4 exd3 13. Bxb7 Qxb7 14. Nxd3 Rae8
15. Nf4 Ne5 16. Rad1 Ne4 17. Qc2 f5 18. Nd5 Rf7 19. f3 Nc5 20. Qc3 a5 21. Rd2
Ng6 22. Qc2 f4 23. Qc3 Ne6 24. Kh1 fxg3 25. hxg3 c6 26. Ne3 Qe7 27. Ng2 Nc5 28.
Kg1 Qe5 29. Qxe5 dxe5 30. Rd6 Rf6 1/2-1/2

[Event "2. Bundesliga Mitte 2013/2014"]
[Site "St. Veit/Glan"]
[Date "2014.03.23"]
[Round "8"]
[Board "3"]
[White "Watzka, Horst"]
[Black "Theuretzbacher, Klaus"]
[Result "0-1"]
[WhiteElo "2250"]
[BlackElo "2265"]
[PlyCount "104"]
[EventDate "2013.10.04"]
[EventType "team"]
[EventRounds "11"]
[EventCountry "AUT"]
[WhiteTeam "RbEJ Gleisdorf"]
[BlackTeam "ASK St. Valentin"]

1. e4 c5 2. Nf3 e6 3. c4 d6 4. Nc3 Nf6 5. d4 cxd4 6. Nxd4 a6 7. Be2 Be7 8. O-O
Qc7 9. Be3 Nbd7 10. Rc1 O-O 11. f3 Re8 12. Qe1 b6 13. g4 Nf8 14. g5 N6d7 15. f4
Bb7 16. Bf3 Nc5 17. Qg3 Ng6 18. Nde2 Nd3 19. Rc2 Qxc4 20. Rd1 Nb4 21. Rcc1 Nxa2
22. Nxa2 Qxa2 23. h4 Qb3 24. Nc3 Bf8 25. h5 Ne7 26. h6 d5 27. hxg7 Bxg7 28. f5
exf5 29. exd5 Rad8 30. d6 Nc6 31. Bf4 Rd7 32. Nd5 Kh8 33. Nf6 Bxf6 34. gxf6 Rg8
35. Qxg8+ Kxg8 36. Rc3 Qa4 37. Re3 h5 38. Be5 Nd4 39. Bxh5 Bf3 40. b3 Qc6 41.
Rxd4 Bxh5 42. Rh4 Qc1+ 43. Kf2 Qd1 44. Bf4 Kh7 45. Rg3 Qe2+ 46. Kg1 Qe1+ 47.
Kg2 Qe2+ 48. Kg1 Qe1+ 49. Kg2 Qe2+ 50. Kg1 Rd8 51. Rg7+ Kh8 52. Bg3 Rxd6 0-1

[Event "2. Bundesliga Mitte 2013/2014"]
[Site "St. Veit/Glan"]
[Date "2014.03.23"]
[Round "8"]
[Board "4"]
[White "Tober, Gerhard"]
[Black "Sandner, Wolfgang"]
[Result "1-0"]
[WhiteElo "2284"]
[BlackElo "2206"]
[PlyCount "129"]
[EventDate "2013.10.04"]
[EventType "team"]
[EventRounds "11"]
[EventCountry "AUT"]
[WhiteTeam "ASK St. Valentin"]
[BlackTeam "RbEJ Gleisdorf"]

1. e4 d6 2. g3 Nf6 3. Bg2 Bg4 4. Ne2 Qc8 5. h3 Bd7 6. g4 g6 7. Ng3 h5 8. g5 Nh7
9. h4 Bg7 10. f4 c5 11. c3 Nc6 12. d3 Bg4 13. Bf3 Bxf3 14. Qxf3 b5 15. a3 Rb8
16. Be3 Qa6 17. Qd1 Nf8 18. O-O Qc8 19. Kg2 b4 20. axb4 cxb4 21. d4 Qb7 22. Nd2
Nd7 23. d5 bxc3 24. bxc3 Nd8 25. Rxa7 Qb5 26. c4 Qb4 27. Qc2 Qc3 28. Qxc3 Bxc3
29. Rb1 Bxd2 30. Rxb8 Bxe3 31. Rxd8+ Kxd8 32. Ra8+ Kc7 33. Rxh8 Bxf4 34. Re8 f6
35. gxf6 exf6 36. Ne2 Bd2 37. Nd4 Ne5 38. Re7+ Kb6 39. Rg7 g5 40. Nf3 Nxf3 41.
Kxf3 gxh4 42. Rh7 Bc3 43. Ke3 Be5 44. Rxh5 Bg3 45. Kd3 Kc5 46. Rh8 Kb6 47. Rh7
Ka6 48. c5 dxc5 49. Kc4 Kb6 50. Rh6 Kc7 51. Kxc5 Bd6+ 52. Kc4 Bg3 53. Rxf6 h3
54. Rh6 h2 55. Kd3 Bf4 56. Rh7+ Kd6 57. Ke2 Kc5 58. Kf3 Bb8 59. Kg2 Kd4 60. Re7
Bf4 61. Re6 Kc5 62. Rc6+ Kb5 63. Rf6 Bg3 64. Rh6 Bf4 65. Rxh2 1-0

[Event "2. Bundesliga Mitte 2013/2014"]
[Site "St. Veit/Glan"]
[Date "2014.03.23"]
[Round "8"]
[Board "5"]
[White "Perhinig, Robert"]
[Black "Heimberger, Reinhard"]
[Result "1-0"]
[WhiteElo "2282"]
[BlackElo "2303"]
[PlyCount "81"]
[EventDate "2013.10.04"]
[EventType "team"]
[EventRounds "11"]
[EventCountry "AUT"]
[WhiteTeam "RbEJ Gleisdorf"]
[BlackTeam "ASK St. Valentin"]

1. d4 d5 2. Nf3 c6 3. Bf4 Nf6 4. e3 g6 5. Be2 Bg7 6. O-O O-O 7. h3 Qb6 8. Qc1
c5 9. Nc3 Nbd7 10. Rd1 a6 11. Ne5 e6 12. a3 Nxe5 13. Bxe5 cxd4 14. exd4 Bd7 15.
Bf3 Rac8 16. Ne2 Ba4 17. Nc3 Bc6 18. Ne2 Ne4 19. Bxg7 Kxg7 20. Bxe4 dxe4 21. c4
Ba4 22. Rd2 Qb3 23. c5 e3 24. fxe3 Qxe3+ 25. Kh2 Rfd8 26. Qc3 Qg5 27. Rf1 Bb5
28. Rf3 Kg8 29. b4 Bc6 30. Rg3 Qf5 31. Qe3 Rd7 32. Nc3 Rcd8 33. Rf2 Qh5 34. Rg4
Bd5 35. a4 e5 36. Rg5 exd4 37. Qf4 Qh6 38. Nxd5 Rxd5 39. Rxd5 Rxd5 40. Qxf7+
Kh8 41. Qxd5 1-0

[Event "2. Bundesliga Mitte 2013/2014"]
[Site "St. Veit/Glan"]
[Date "2014.03.23"]
[Round "8"]
[Board "1"]
[White "Poetz, Florian"]
[Black "Mayerhofer, Peter"]
[Result "1/2-1/2"]
[WhiteElo "2431"]
[BlackElo "2202"]
[PlyCount "229"]
[EventDate "2013.10.04"]
[EventType "team"]
[EventRounds "11"]
[EventCountry "AUT"]
[WhiteTeam "SK Sparkasse Fuerstenfeld"]
[BlackTeam "SPG Freistadt/Wartberg"]

1. e4 {[%emt 0:00:00]} c5 2. Nf3 e6 3. d4 cxd4 4. Nxd4 a6 5. Nc3 Qc7 6. Bd3 Nc6
7. Nxc6 bxc6 8. O-O Nf6 9. Qe2 e5 10. Kh1 Be7 11. f4 d6 12. fxe5 dxe5 13. Bc4
O-O 14. Bg5 Bg4 15. Qe1 Kh8 16. Qh4 Be6 17. Bxe6 fxe6 18. Qh3 Qc8 19. Rad1 Rb8
20. b3 Rb4 21. Bxf6 Rxf6 22. Qe3 Rd4 23. Ne2 Qf8 24. Ng3 a5 25. Qe2 Rf2 26.
Rxd4 Rxf1+ 27. Qxf1 Qxf1+ 28. Nxf1 exd4 29. Nd2 Kg8 30. Kg1 h6 31. Kf2 Bd6 32.
Nf3 e5 33. Ke2 Kf7 34. Kd3 Ke6 35. Kc4 Bb4 36. Ng1 Kd6 37. Nf3 Ke6 38. Kd3 g6
39. h3 Be7 40. Nd2 Bg5 41. Nc4 Bd8 42. a4 Bc7 43. b4 axb4 44. a5 Kd7 45. a6 Kc8
46. Nd2 Kb8 47. Kc4 Bd6 48. Nb3 Ka7 49. Na5 Kxa6 50. Nxc6 Kb6 51. Nxb4 h5 52.
Nd3 Kc6 53. Ne1 Be7 54. Nf3 Kd6 55. Kb5 Bd8 56. Nd2 Bf6 57. Nc4+ Ke6 58. Kc6 h4
59. Nb2 Bd8 60. Nd3 Be7 61. Kc7 Ba3 62. Kd8 Bd6 63. Ke8 Ba3 64. Ne1 Bc1 65. Nf3
g5 66. Kf8 Kf6 67. Kg8 Bf4 68. Kh7 Kf7 69. Ne1 Kf6 70. Nd3 Kf7 71. Nf2 Bh2 72.
Ng4 Bg3 73. Kh6 Bf4 74. Kh5 Kg7 75. Nf2 Kf6 76. Kh6 Kf7 77. Nd3 Kf6 78. Kh5 Be3
79. Kg4 Bf4 80. Nb4 Bd2 81. Nd5+ Ke6 82. Kh5 Kf7 83. Kh6 Bc1 84. Nb4 Kf6 85.
Nd3 Bf4 86. Kh7 Kf7 87. Nf2 Bh2 88. Kh6 Bg3 89. Ng4 Bf4 90. Kh5 Kg7 91. Nf2 Kf6
92. Kg4 Be3 93. Nd3 Bf4 94. Kf3 Ke6 95. Ke2 Kd6 96. Ne1 Bg3 97. Nf3 Bf4 98. Kd3
Kc5 99. Ng1 Be3 100. Ne2 Bf2 101. c4 dxc3 102. Nxc3 Bg3 103. Ke3 Be1 104. Nd5
Bg3 105. Kf3 Kd4 106. Nc7 Bf4 107. Ne6+ Kd3 108. Ng7 Kd4 109. Nh5 Kd3 110. Nf6
Kd4 111. Ng4 Bg3 112. Ne3 Bf4 113. Ng4 Bg3 114. Ne3 Bf4 115. Ng4 1/2-1/2